00758nam a2200205Ia 4500003000900000008004100009020001800050040001600068080002400084245011000108260007300218300001600291650004100307650003000348650002100378700003100399942000700430999001500437952010000452IN-BaIIA211028s9999 xx 000 0 eng d a0-89252-663-7 cIIA Library a535(082.1)bSPI-628 0aAdvanced technology optical telescopes IIcedited by Larry D Barr  aWashingtonbSociety of Photo-Optical Instrumentation Engineersc1986 aviii, 561p. aAstronomy and Astrophysics Thesaurus aOptical technology915260 aTelescopes91997 aBarr, Larry D., ed.913839 cBK c9087d9087 00104070aBANbBANcGENd1987-08-17l0o535(082.1)/ SPI-628p9984r2021-11-05w1987-08-17yBK